Egy osztályközösség szerkezetének pedagógiai-pszichológiai elemzése
Elmentve itt :
| Szerző: | |
|---|---|
| További közreműködők: | |
| Dokumentumtípus: | Szakdolgozat |
| Megjelent: |
1970
|
| Tárgyszavak: | |
| Online Access: | http://diploma.bibl.u-szeged.hu/54720 |
| LEADER | 00578nta a2200157 i 4500 | ||
|---|---|---|---|
| 001 | dipl54720 | ||
| 005 | 20151222100748.0 | ||
| 008 | 151218s1970 hu om 0|| hun d | ||
| 040 | |a SZTE Diploma Repozitórium |b hun | ||
| 041 | |a hun | ||
| 100 | 1 | |a Gyenei Ferencné | |
| 245 | 1 | 0 | |a Egy osztályközösség szerkezetének pedagógiai-pszichológiai elemzése |h [elektronikus dokumentum] / |c Ferencné Gyenei |
| 260 | |c 1970 | ||
| 650 | 4 | |a Bölcsészettudományok | |
| 700 | 1 | |a Duró Lajos |e ths | |
| 856 | 4 | 0 | |u http://diploma.bibl.u-szeged.hu/id/eprint/54720/1/1970_gyenei_ferencne.pdf |z Dokumentum-elérés |